书目信息 |
| 题名: |
硅化学及其应用
|
|
| 作者: | 皮尔斯 , Pearce 著 ;华东师范大学化学系翻译组 译 | |
| 分册: | ||
| 出版信息: | 上海 上海教育出版社 1984 |
|
| 页数: | 82页 | |
| 开本: | 19cm | |
| 丛书名: | ||
| 单 册: | ||
| 中图分类: | O613.72 , G | |
| 科图分类: | ||
| 主题词: | 硅化合物 , 文化 , 科学 , 教育 , 体育 | |
| 电子资源: | ||
| ISBN: | ||
| 000 | 01066nam0 2200349 45 | |
| 001 | 0184002098 | |
| 005 | 20040429084842.2 | |
| 010 | @dCNY0.24 | |
| 091 | @a7150.3004 | |
| 100 | @a19950323d1984 em y0chiy0121 ea | |
| 101 | 1 | @achi@ceng |
| 102 | @aCN@b310000 | |
| 105 | @ay z000yy | |
| 106 | @ar | |
| 200 | 10 | @a硅化学及其应用@Agui hua xue ji qi ying yong@f(英)皮尔斯(C.A. Pearce)著@g华东师范大学化学系翻译组译 |
| 210 | @a上海@c上海教育出版社@d1984 | |
| 215 | @a82页@d19cm | |
| 300 | @a书名原文:Silicon Chemistry and Applications.-The Chemical Society, London, 1972 | |
| 510 | 1 | @aSilicon Chemistry and Applications@zeng |
| 606 | @a硅化合物 | |
| 606 | 0 | @a文化 |
| 606 | 0 | @a科学 |
| 606 | 0 | @a教育 |
| 606 | 0 | @a体育 |
| 690 | @aO613.72@v3 | |
| 690 | @aG@v3 | |
| 701 | 1 | @a皮尔斯@Api er si@4著 |
| 701 | A1 | @aPearce@bC.A.@4著 |
| 712 | 02 | @a华东师范大学化学系翻译组@Ahua dong shi fan da xue hua xue xi fan yi zu@4译 |
| 801 | 0 | @aCN@b上海图书馆@c20040429 |
| 801 | 2 | @aCN@bNLC@c20040429 |
| 905 | @dG@e6363.8/38@f2@b105649-650@f1@b105647 | |
| 硅化学及其应用/(英)皮尔斯(C.A. Pearce)著/华东师范大学化学系翻译组译.-上海:上海教育出版社,1984 |
| 82页;19cm |
| 书名原文:Silicon Chemistry and Applications.-The Chemical Society, London, 1972 |
| ISBN :CNY0.24 |
| ● |
| 相关链接 |
|
|
|
|
正题名:硅化学及其应用
索取号:G/6363.8/38
 
预约/预借
| 序号 | 登录号 | 条形码 | 馆藏地/架位号 | 状态 | 备注 |
| 1 | 0105647 | 000610896 | 密集书库/ [索取号:G/6363.8/38] | 在馆 | |
| 2 | 0105649 | 000610967 | 密集书库/ [索取号:G/6363.8/38] | 在馆 | |
| 3 | 0105650 | 000610903 | 密集书库/ [索取号:G/6363.8/38] | 在馆 |